000 00703 a2200217 4500
001 63312
005 20260407155930.0
008 260407a1952 arg spa d
003 AR-UNSa-BCEJYS
040 _aAR-UNSa-BCEJYS
_bspa
_cAR-UNSa-BCEJYS
080 _a514.12
_xGeometrías euclidianas y seudoeuclidianas. Geometría analítica
245 1 0 _aGeometría analítica y cálculo infinitesimal
264 1 _aMéxico :
_bUnión Tipográfica Editorial Hispano-Americana (UTEHA)
_c1952
300 _axi, 330 p.
_c23 cm.
041 _aspa
942 _cBK
590 _aniveau_biblio:m niveau_hierar:0
100 1 _aWoods, Federico S.
700 1 _aBailey, Federico H.
700 1 _aGarcia Diaz, Rafael
999 _c8111
_d8111